00456nam a2200181 a 4500001001300000003000900013005001700022008004100039020001000080082001400090100001800104245002600122260003800148300000900186500003500195650002600230700001800256nice12345678IN_TiNIC20260116013503.0080915s1953 newa grp 000 0 eng  ac29400a231bPHI1 aPhillips, J B aYour God Is Too Small aNew YorkbMacmillan Companyc1953 a118p aincludes index and biblioraphy aGod-Biblical Teaching1 aPhillips, J B